| 000 | 00721nam a2200265 i 4500 | ||
|---|---|---|---|
| 001 | bgj | ||
| 100 | 1 |
_aSTEINBECK, John _d(1902-1968). |
|
| 245 | 1 | 0 |
_aThe Grapes of Wrath / _cJohn Steinbeck. |
| 260 |
_aNew York [etc.] : _bPenguin Books, _c[1993?]. |
||
| 300 |
_a581 pp ; _c19 cm. |
||
| 500 | _a1st published in Penguin Books in 1976. | ||
| 650 | 9 | _aMigrant agricultural laborers | |
| 650 | 9 | _aRural families | |
| 650 | 9 | _aDepressions | |
| 650 | 9 | _aLabor camps | |
| 650 | 9 | _aHistorical fiction | |
| 651 | 9 | _aCalifornia | |
| 655 | _aFiction | ||
| 020 | _a0140042393 (pbk) | ||
| 040 | _cBPK | ||
| 041 | 0 | _aeng | |
| 920 | _a0-14-004239-3 (pbk) | ||
| 942 | _cKS | ||
| 008 | s uk f |000 0 eng | ||
| 999 |
_c47312 _d47312 |
||
| 856 |
_uhttp://koha.tu.koszalin.pl/cgi-bin/koha/opac-detail.pl?biblionumber=47312 _yKatalog online BPK |
||